1479 1351 1262 1953 1335 1147 1088 1839 1182 1456 1574 1494 1503 1455 1195 1787 1163 1758 1481 1539 1206 1757 1107 1003 1709 1679 1923 1649 1222 1526 1354 1090 1450 1944 1559 1747 1169 1060 1098 1566 1523 1089 1418 1871 1841 1056 1710 1714 1997 1090 1140 1320 1340 1586 1445 1246 1397 1412 1072 1454 1681 1109 1658 1550 1481 1209 1478 1931 1910 1258 1669 1322 1839 1880 1017 1825 1845 1088 1757 1156 1280 1859 1895 1577 1307 1159 1338 1040 1215 1088 1254 1933 1846 1601 1660 1841 1123 1699 1490 BCNSPRNW ULIB Ver.6.0+V

เปลี่ยนเป็นภาษาไทย

Change to English
 แสดงรายละเอียดบรรณานุกรม
  กลับหน้าหลัก

Brief Record : Get Marc (ISO 2709) : E-mail record : QR code < ปิดหน้าต่าง
LEADER : 00000nam 2200000uu 4500
001    13399111480
003     ULIB
008    110628s2545||||th 000 0 tha d
020    9748317951
020    9789748317958
050  4 BQ4570^bป417ก 2545
100 0  ประเวศ วะสี,^d2474-
245 10 การพัฒนามนุษย์แนวใหม่เพื่ออนาคตที่ยั่งยืน =^bNew human development for sustainable future /^cประเวศ วะสี
246 31 New human development for sustainable future
250    พิมพ์ครั้งที่ 3
260    กรุงเทพฯ :^bหมอชาวบ้าน,^c2545
300    24 หน้า ;^c21 ซม.
500    มีภาษาอังกฤษเทียบเคียง
650  7 การพัฒนาเศรษฐกิจ
650  7 คุณภาพชีวิต
650  7 ทรัพยากรมนุษย์
650  7 การพัฒนาแบบยั่งยืน
945    ^p40^l0^i017916
995    ทศพร
999 ^a ใช้งานได้ทุกระบบ
รายการนี้ยังไม่มีแท็ก
คุณยังไม่ได้ล็อกอิน คุณสามารถมีกิจกรรมร่วมกับเว็บไซต์ได้ แต่ต้องล็อกอินก่อน ::
  ล็อกอิน

รายการสื่อสารสนเทศ

ลำดับที่ ประเภท เลขเรียก/บาร์โค้ด สถานที่ สถานะ
- ไม่พบข้อมูล -

รายการใกล้เคียง
    หัวเรื่อง [การพัฒนาเศรษฐกิจ]
    หัวเรื่อง [คุณภาพชีวิต]
    หัวเรื่อง [ทรัพยากรมนุษย์]

BibComment


ยังไม่เคยถูกคอมเมนท์

คอมเมนท์ทรัพยากรรายการนี้
  คอมเมนท์: การพัฒนามนุษย์แนว..


 Copyright 2026. Bcnsprnw @Library